000 00603nam a22002177a 4500
003 UA-OsUOA
001 77669
007 ta
008 20110920b un ||||| |||| 00| 0 ukr d
100 _aНелеп В.
090 _a330(477)
_bН49
942 _cSA
040 _aUA-OsUOA
_bukr
_cUA-OsUOA
_dUA-OsUOA
245 _aОцінка експортних можливостей агропродовольчого комплексу України
300 _aС.54-64
955 _a0
041 _aukr
080 _a330(477)
773 0 _w77664
650 7 _a330 Економіка взагалі
_2UDC
999 _c363979
_d363979